La imagen y el lenguaje

Gespeichert in:
Bibliographische Detailangaben
1. Verfasser: Thenon, Jorge (VerfasserIn)
Format: Buch
Sprache:Spanisch
Veröffentlicht: Buenos Aires La Leyade 1971
Schlagworte:
Tags: Tag hinzufügen
Keine Tags, Fügen Sie den ersten Tag hinzu!

MARC

LEADER 00000nam a2200000 a 4500
001 UCQ7895
003 CL-VaPUC
008 981121e19710000AG |||||||||||||||||spa|d
082 0 4 |a 401  |b THE  |2 21 
100 0 |a Thenon, Jorge  |e author  |9 421684 
245 1 3 |a La imagen y el lenguaje 
300 |a 173 p 
942 |c BK 
945 |d 19981121 00:00:00  |a crobeson 
260 |a Buenos Aires  |b La Leyade  |c 1971 
650 0 |a Lenguaje   |9 265069 
650 0 |a Lingüística  |9 265068 
650 7 |a TEORIA LINGUISTICA  |2 CL-VaPUC  |9 334835 
650 0 |a Comunicación   |9 257251 
583 |a last modification  |c 19981121 00:00:00  |k Rodrigo Vera 
999 |c 277271  |d 277269 
952 |0 0  |1 0  |4 0  |6 401_000000000000000_THE_1971  |7 0  |8 A  |9 315155  |a FDOPOS  |b FDOPOS  |d 2019-11-20  |i 1493647  |o 401 THE 1971  |p 1493647  |r 2025-01-22  |w 2019-11-20  |y BK  |k MLA